Music Quiz

Random Music or Lyrics Quiz

Adventure Time Closing Theme Lyrics Quiz Stats

 Plays Quiz not verified by Sporcle

Score 0/125 Timer 07:00
0 Plays Today
% Correct
the (a)
99%
a
99%
●  a   
99%
 with (to) ●   
99%
to (with)
99%
the (a)
99%
me
97.9%
me
97.9%
me
97.9%
And (to)
96.9%
and (the)
96.9%
with (in)
96.9%
and (the)
96.9%
with (for)
96.9%
And (to)
96.9%
and (the)
96.9%
with
95.8%
with
95.8%
with
95.8%
Come
94.8%
Come
94.8%
the (this)
94.8%
Come
94.8%
along
93.8%
We
93.8%
the
93.8%
we
93.8%
along
93.8%
we
93.8%
the
93.8%
an
93.8%
we
93.8%
along
93.8%
We
93.8%
the
93.8%
we
93.8%
To
92.7%
to
92.7%
bees. (sea)
89.6%
And
89.6%
bees (sea)
89.6%
And
89.6%
% Correct
And
89.6%
bees. (sea)
89.6%
And
89.6%
can
88.5%
can
88.5%
can
88.5%
be
87.5%
be
87.5%
for
87.5%
be
87.5%
forest
87.5%
butterflies (town beside)
86.5%
forest
86.5%
butterflies (town beside)
86.5%
butterflies (town beside)
86.5%
as
85.4%
As
85.4%
as
85.4%
do
84.4%
please.
84.4%
do
84.4%
please.
84.4%
through
83.3%
so
83.3%
so
83.3%
through
83.3%
so
83.3%
so
83.3%
tree
82.3%
wander
78.1%
wander
78.1%
under
77.1%
cliff
71.9%
I'll (I)
53.1%
We'll (I)
51%
I'll (I)
50%
I'll
50%
Where
44.8%
you.
43.8%
you.
43.8%
you
43.8%
you.
43.8%
% Correct
All
41.7%
all
41.7%
All
41.7%
all
41.7%
dream.
39.6%
my
39.6%
my
39.6%
of
37.5%
up
37.5%
of
37.5%
water
36.5%
them
36.5%
merrily.
36.5%
them
36.5%
merrily.
36.5%
everlasting
35.4%
share (give)
35.4%
share (give)
35.4%
new
34.4%
living
34.4%
Living
34.4%
gaze
33.3%
Maybe
33.3%
our
33.3%
here
33.3%
upon
32.3%
collections (affections)
32.3%
by
32.3%
have
32.3%
numbers
32.3%
collections (affections)
32.3%
next
31.3%
summer
31.3%
Making
31.3%
won't
30.2%
changed
30.2%
tune.
30.2%
want
30.2%
always
29.2%
always
29.2%
still
22.9%

You're not logged in!

Compare scores with friends on all Sporcle quizzes.
Join for Free
OR
Log In

You Might Also Like...

Show Comments

Extras

Top Quizzes Today


Score Distribution

Your Account Isn't Verified!

In order to create a playlist on Sporcle, you need to verify the email address you used during registration. Go to your Sporcle Settings to finish the process.

Report this User

Report this user for behavior that violates our Community Guidelines.

Details: